| 000 | 00501nam a2200181Ia 4500 | ||
|---|---|---|---|
| 005 | 20250326123647.0 | ||
| 008 | 250326s9999 xx 000 0 und d | ||
| 037 | _aTextbook | ||
| 040 |
_aFMSL _beng _cFMSL |
||
| 041 |
_aeng _2eng |
||
| 084 |
_aX9W P5 _qFMSL |
||
| 100 |
_aBurns P _9735743 |
||
| 245 | 0 |
_aCorporate entrepreneurship _cBurns P |
|
| 260 |
_aUnited Kingdom _bUnited Kingdom, Palgrave Macmillan _c2005 |
||
| 300 | _a326p | ||
| 942 |
_cTB _hX9W P5 |
||
| 999 |
_c1270380 _d1270380 |
||